Missing Word: Paramount Pictures Quiz Stats

Quiz Updated Oct 16, 2017

Challenge
Share
Tweet
Embed
Score 0/20 Timer 04:00
0 Plays Today
Movie Missing Word % Correct
_____ AttractionFatal
94.2%
What _____ WantWomen
89%
_____ and Present DangerClear
88.6%
Napoleon _____Dynamite
87.1%
Escape from _____Alcatraz
83.8%
The _____ ShowTruman
81.8%
Along Came a _____Spider
81.4%
The _____ Part IIIGodfather
73.1%
_____ of GloryBlades
71.4%
_____ ThunderTropic
70.5%
Movie Missing Word % Correct
The _____ BonesLovely
69.2%
_____ CarterCoach
57.5%
Over the _____Hedge
47.4%
Dinner for _____Schmucks
42.2%
Double _____Jeopardy
41.3%
_____ FearPrimal
39.9%
Transformers: Age of _____Extinction
27.1%
The _____ ManElephant
26.2%
Alfredo, _____Alfredo
25.4%
Rise of the _____Guardians
23.7%

Today's Daily Dose

Word Ladder
Paul Newman

On This Day
April 21st II

You're not logged in!

Compare scores with friends on all Sporcle quizzes.
Sign Up with Email
OR
Log In

You Might Also Like...

Show Comments

Extras

Top Quizzes Today


Score Distribution

Your Account Isn't Verified!

In order to create a playlist on Sporcle, you need to verify the email address you used during registration. Go to your Sporcle Settings to finish the process.

Report this User

Report this user for behavior that violates our Community Guidelines.

Details: